000 00661nam a2200205Ii 4500
003 JO-AjNU
008 230605s9999||||xx |||||||||||||| ||und||
040 _aJO-AjNU
_bara
_erda
_cJO-AjNU
041 _aara
050 1 4 _aTL795.D3336 1987
100 3 _aالدهراوي، حرب خضر ,
_eauthor
_934771
245 0 0 _aمكوك الفضاء
264 3 1 _aالرياض: دار المريخ ،1987
300 _a252ص
_bصور توضيحية+كشاف تحليلي
336 _atext
_btxt
_2rdacontent
337 _aunmediated
_bn
_2rdamedia
338 _avolume
_bnc
_2rdacarrier
490 0 _aغزو الفضاء
650 4 _aالفضاء-مكوك
_934772
999 _aA14290
_c17858
_d17858